[Event "FICGS class B 000123 email"]
[Site "FICGS email"]
[Date "2010.09.08"]
[Round "1"]
[White "Astrachan, Daniel"]
[Black "Domingo Gadea, Jordi"]
[Result "1-0"]
[WhiteElo "1885"]
[BlackElo "1970"]
[PlyCount "125"]
[EventDate "2010.??.??"]
[EventType "tourn (corr)"]
[EventRounds "6"]
[SourceTitle "Corr 2013"]
[Source "ChessBase"]
[SourceDate "2012.11.12"]
[SourceVersion "1"]
[SourceVersionDate "2012.11.12"]
[SourceQuality "1"]

1. d4 Nf6 2. c4 c5 3. d5 e6 4. Nc3 exd5 5. cxd5 d6 6. e4 g6 7. Nf3 a6 8. a4 Bg4 9. a5 Nbd7 10. Be2 Bxf3 11. Bxf3 Bg7 12. 0-0 0-0 13. Bf4 Qc7 14. Qc2 Rfe8 15. Ra4 h6 16. h3 Re7 17. Be3 Rae8 18. g3 Ne5 19. Bg2 Kh7 20. f4 Ned7 21. Rd1 Qc8 22. g4 Kg8 23. Ra3 Qb8 24. Rb3 Nf8 25. Bf2 Rd7 26. Na4 Rdd8 27. e5 dxe5 28. Nxc5 exf4 29. Rxb7 Qe5 30. Qb3 N8d7 31. d6 Qg5 32. Nxd7 Rxd7 33. Rxd7 Nxd7 34. Qb7 Rd8 35. Qxa6 h5 36. Rd5 f5 37. Qe2 hxg4 38. hxg4 Nf6 39. Qe7 Rd7 40. Qe6+ Kh7 41. Bd4 Rb7 42. Bxf6 Bxf6 43. d7 f3 44. Bxf3 Qf4 45. Qxf6 Qg3+ 46. Bg2 Qe3+ 47. Kf1 Qc1+ 48. Kf2 Rxb2+ 49. Qxb2 Qxb2+ 50. Kg3 Qb8+ 51. Kh3 g5 52. Be4 Qf4 53. d8Q Qxg4+ 54. Kh2 Qh4+ 55. Kg2 Qxe4+ 56. Kf2 Qh4+ 57. Ke2 Qe4+ 58. Kd2 Qb4+ 59. Kd3 Qe4+ 60. Kc3 Qe3+ 61. Kc4 Qc1+ 62. Kb5 Qb2+ 63. Ka6 1-0

[Event "FICGS class C 000152 email"]
[Site "FICGS email"]
[Date "2010.07.24"]
[Round "1"]
[White "Astrachan, Daniel"]
[Black "Tuluoglu, Utku"]
[Result "1-0"]
[WhiteElo "1800"]
[BlackElo "1626"]
[PlyCount "45"]
[EventDate "2010.??.??"]
[EventType "tourn (corr)"]
[EventRounds "5"]
[SourceTitle "Corr 2013"]
[Source "ChessBase"]
[SourceDate "2012.11.12"]
[SourceVersion "1"]
[SourceVersionDate "2012.11.12"]
[SourceQuality "1"]

1. d4 d5 2. c4 Nc6 3. Nf3 Bg4 4. Nc3 Nf6 5. cxd5 Nxd5 6. e4 Nf6 7. d5 Ne5 8. Nxe5 Bxd1 9. Bb5+ c6 10. dxc6 a6 11. c7+ axb5 12. cxd8Q+ Rxd8 13. Nxd1 Nxe4 14. Be3 e6 15. Ke2 Bd6 16. Nd3 Ke7 17. f3 Nf6 18. Nc3 b4 19. Nb5 Nd5 20. Nxd6 Kxd6 21. Bc5+ Kc7 22. Rac1 Kb8 23. Nxb4 1-0

[Event "FICGS class C 000151 email"]
[Site "FICGS email"]
[Date "2010.07.11"]
[Round "1"]
[White "Astrachan, Daniel"]
[Black "Ropokis, Dimitrios"]
[Result "1/2-1/2"]
[WhiteElo "1800"]
[BlackElo "1800"]
[PlyCount "103"]
[EventDate "2010.??.??"]
[EventType "tourn (corr)"]
[EventRounds "5"]
[SourceTitle "Corr 2013"]
[Source "ChessBase"]
[SourceDate "2012.11.12"]
[SourceVersion "1"]
[SourceVersionDate "2012.11.12"]
[SourceQuality "1"]

1. d4 d5 2. Nc3 e5 3. dxe5 d4 4. Nb5 c5 5. e3 a6 6. Na3 Nc6 7. Nf3 Qc7 8. Nc4 b5 9. Nd6+ Bxd6 10. exd6 Qxd6 11. a4 b4 12. exd4 cxd4 13. Be3 Nge7 14. Nxd4 0-0 15. Be2 Bb7 16. Nxc6 Qxc6 17. Bf3 Qc8 18. Bxb7 Qxb7 19. 0-0 Qc6 20. Re1 Rfe8 21. Qd2 a5 22. c3 Rad8 23. Qc1 b3 24. f3 Ng6 25. Bd4 h6 26. Kh1 Rxe1+ 27. Qxe1 Re8 28. Qf1 Ne5 29. Qd1 Qe6 30. Bxe5 Qxe5 31. h3 Qg3 32. Qd2 Qh4 33. f4 Re4 34. Qd1 Qxf4 35. Qxb3 Re2 36. Qb7 Qf2 37. Rb1 Re1+ 38. Rxe1 Qxe1+ 39. Kh2 Qe5+ 40. g3 Qe2+ 41. Qg2 Qd1 42. Qa8+ Kh7 43. Qe4+ g6 44. c4 Qxa4 45. Qd3 Qb4 46. b3 Qa3 47. Qc2 Qc5 48. Kg2 Kg8 49. h4 h5 50. Kf3 Qc6+ 51. Kf2 Qc5+ 52. Kg2 1/2-1/2

[Event "FICGS class C 000151 email"]
[Site "FICGS email"]
[Date "2010.07.11"]
[Round "1"]
[White "Astrachan, Daniel"]
[Black "Tuluoglu, Utku"]
[Result "1-0"]
[WhiteElo "1800"]
[BlackElo "1626"]
[PlyCount "45"]
[EventDate "2010.??.??"]
[EventType "tourn (corr)"]
[EventRounds "5"]
[SourceTitle "Corr 2013"]
[Source "ChessBase"]
[SourceDate "2012.11.12"]
[SourceVersion "1"]
[SourceVersionDate "2012.11.12"]
[SourceQuality "1"]

1. d4 d5 2. Bf4 Nf6 3. e3 g6 4. c4 c6 5. Nc3 Bg7 6. Nf3 0-0 7. h3 Nbd7 8. cxd5 cxd5 9. Qb3 Nb6 10. Be2 Be6 11. 0-0 Ne4 12. Rfc1 Rc8 13. Nb5 a6 14. Nc7 Na8 15. Nxe6 fxe6 16. Qxb7 a5 17. Bb5 Nd6 18. Bxd6 exd6 19. Bd7 Rxc1+ 20. Rxc1 e5 21. Rc8 Qe7 22. Qxd5+ Kh8 23. Qxa8 1-0